UBT Library

Kommunikations-training : (Record no. 216)

000 -LEADER
fixed length control field 00777nam a22002417a 4500
008 - FIXED-LENGTH DATA ELEMENTS--GENERAL INFORMATION
fixed length control field 131030b xxu||||| |||| 00| 0 ger d
020 ## - INTERNATIONAL STANDARD BOOK NUMBER
International Standard Book Number 3478083168
041 0# - LANGUAGE CODE
Language code of text/sound track or separate title ger
080 ## - UNIVERSAL DECIMAL CLASSIFICATION NUMBER
Universal Decimal Classification number 316.47
100 1# - Rafti
Rafti Birkenbihl, Vera F.
245 10 - TITLE STATEMENT
Title Kommunikations-training :
Statement of responsibility, etc Vera F. Birkenbihl
250 ## -
-- 23. Auflage
260 ## -
-- Munchen :
-- mvg Verlag ;
-- 2002.
300 ## -
-- 315 f. :
-- me il. ;
-- 19 cm.
500 ## -
-- Vorwort zur 1. Auflage : f. 7-16
500 ## -
-- Vorwort zur 7. Auflage : f. 16-18
500 ## -
-- Vorwort zur 9. Auflage : f. 18-19
500 ## -
-- Vorwort zur 13. Auflage : f.19-20
505 ## -
-- Literatur : f. 296-305
650 ## -
-- Sociologjia
650 ## -
-- Marrëdhëniet sociale
942 ## - ADDED ENTRY ELEMENTS (KOHA)
Source of classification or shelving scheme
Item type Books
Holdings
Withdrawn status Lost status Source of classification or shelving scheme Damaged status Not for loan Collection code Permanent location Current location Shelving location Date acquired Total Checkouts Full call number Barcode Date last seen Koha item type
          Koleksioni i përgjithshem UBT - Prishtine UBT - Prishtine Koleksioni i përgjithshem 10/30/2013   316.47 BIR 001-000247 10/30/2013 Books
UBT Library © 2015-2024. All rights reserved University Education for Business and Technology